Europe by letter-A - Statistics

General Stats
  • This quiz has been taken 38 times
  • The average score is 14 of 20
Answer Stats
Hint Answer % Correct
12) Capital of the Netherlands Amsterdam
100%
4) Small wealthy nation nestled in the Pyrenees Andorra
100%
5) Capital dedicated to the goddess Athena Athens
97%
9) Balkan country northwest of Greece Albania
95%
6) Spelled Österreich in its native language Austria
95%
2) Major Belgian city known for itsdiamond district Antwerp
92%
15) Country in the Caucuses, its capital is Yerevan Armenia
87%
17) Chain of Portuguese islands in the North Atlantic Azores
87%
16) Sea between Greece and Turkey Aegean
84%
10) Scottish port city on the Dee and Don rivers Aberdeen
82%
3) Sea between Italy and the Balkan peninsula Adriatic
82%
8) Southernmost region of Spain, its capital isSeville Andalusia
79%
1) Region of eastern France annexedby Germany in WW2 Alsace
71%
13) Capital of French Corsica Ajaccio
55%
14) Famous coast of southern Italy dotted byresorts and beaches Amalfi
39%
11) 4th largest city in Denmark Aalborg
34%
19) Port city on the southern coast of Costa Blanca, Spain Alicante
34%
7) Often called the capital of North Iceland Akureyri
18%
20) Italian province on the middle coast of the Adriatic Sea Abruzzo
16%
18) Port city in the Geirangerfjord of western Norway Alesund
8%
No matching quizzes found
Score Distribution
Percent of People with Each Score
Percentile by Number Answered
Your Score History
You have not taken this quiz